00767pam a2200193 a 4500020003200000040000800032082002600040100002000066245006300086260003700149300004000186650002500226856004700251856006200298856005400360942000700414999001700421952013500438 a0070239797 (acidfree paper) cDLC00a973 MCG 1996 A101 Or.1 aGraham, Otis L.12aA limited bounty :bthe United States since World War II / aNew York :bMcGraw-Hill,cc1996. axix, 324 p. :bill., maps ;c24 cm. 0aEnvironmental policy42uhttp://www.h-net.org/review/hrev-a0a1v7-aa42uhttp://www.loc.gov/catdir/description/mh022/95043709.html41uhttp://www.loc.gov/catdir/toc/mh022/95043709.html cEK c13250d13250 0010406973_000000000000000_MCG_1996_A103_OR70963853aLBAbLBAcA103d2017-08-22o973 MCG 1996 A103 Or.pA15660r2017-08-22yEK